| 000 | 00587cam a2200193 4500 | ||
|---|---|---|---|
| 001 | IQ000613 | ||
| 008 | t19921992nyua eng | ||
| 020 | _a0133193853 | ||
| 035 | _aIQ000613 | ||
| 100 | 1 | _aKwauk, Mooson | |
| 245 | 1 | 0 |
_aFluidization : _bIdealized and bubbleless, with applications / _c Mooson Kwauk. |
| 260 |
_aNew york : _bScience Press, _cc1992 |
||
| 300 |
_avii, 277 p. : _bil. ; _c27 cm. |
||
| 440 | 0 | _aEllis Horwood Series in Chemical Engineering | |
| 504 | _aIncluye apƩndice | ||
| 650 | 4 | _aFluidización | |
| 942 |
_2lcc _cLIB |
||
| 999 |
_c95429 _d95429 |
||